000
003180000a22001330004500
041
0
_a
SPA
082
0
4
_a
G 861 N454s
100
1
_a
Neruda, Pablo (1904-1973)
245
1
0
_a
Selección de poemas 1925-1952 / Pablo Neruda
260
_a
Bogotá : Círculo de Lectores
300
_a
392 Pág.
001
14213
942
_c
BK
999
_c
43111
_d
43111